Personnage principal animé 2 - Statistiques

Statistiques générales
  • Ce quiz a été pris 67 fois
    66 depuis la dernière actualisation
  • Le résultat moyen est 10 sur 20
Statistiques - réponses
Animés Personnage principal % Correct
Attack on Titan Eren Jaëger
98%
Hunter x Hunter Gon Freecs
96%
My hero academia Izuku Midoriya
91%
Demon Slayer Tanjiro Kamado
91%
Bleach Ichigo Kurosaki
89%
Tokyo Ghoul Ken Kaneki
89%
Jujutsu Kaisen Yuji Itadori
85%
Assassination classroom Nagisa shiota
77%
Food wars Soma Yukihira
64%
Vinland Saga Thorfinn Karselfni
64%
Gintama Gintoki Sakata
38%
Darling in the FranXX Hiro | Zerotwo
34%
No game no Life Sora | Shiro
25%
Bunny Girl Senpai Sakuta Azusagawa
19%
The rising of the shield hero Naofumi Iwatani
17%
Konosuba Kazuma Satou
13%
Your lie in april Kousei Arima
9%
Toradora Ryuuji Takasu
8%
Charlotte Yuu otosaka
6%
High school dxd Issei Hyoudou
4%
Aucun quiz correspondant
Distribution des résultats
% des personnes avec chaque résultat
Percentile par nombre de réponses
Votre historique - résultats
Vous n’avez pas pris ce quiz depuis la dernière actualisation